A person that was born these in 60 countries - Statistics

General Stats
  • This quiz has been taken 46 times
    37 since last reset
  • The average score is 45 of 60
Answer Stats
Hint Answer % Correct
Kylian Mbappe France
97%
Anne Frank Germany
97%
Aristotle Greece
97%
Benito Mussolini Italy
97%
Vladamir Lenin Russia
97%
Justin Trudeau Canada
94%
King Tut Egypt
94%
Mahatma Gandi India
94%
Pancho Villa Mexico
94%
Virgil Van Dijk Netherlands
94%
Kim Jong-Un North Korea
94%
Robert Lewandowski Poland
94%
Christiano Ronaldo Portugal
94%
Abraham Lincoln USA
94%
Adolf Hitler Austria
91%
Jesus Christ Israel
91%
Emperor Hirohito Japan
91%
Nelson Mandela South Africa
91%
Mila Kunis Ukraine
91%
Elizabeth II United Kingdom
91%
Lionel Messi Argentina
88%
Jackie Chan China
88%
Pablo Escobar Colombia
88%
Fidel Castro Cuba
88%
Bob Marley Jamaica
88%
Juan Ponce de León Spain
88%
Alfred Nobel Sweden
88%
Steve Irwin Australia
85%
Gengis Khan Mongolia
85%
Erling Haaland Norway
85%
Neymar da Silva Santos Júnior Brazil
82%
Muammar Gaddafi Libya
82%
Nikola Jokić Serbia
82%
Luka Modric Croatia
79%
Luka Doncic Slovenia
79%
Hyun-jin Ryu South Korea
79%
Mustafa Kemal Atatürk Turkey
79%
Malala Yousafzai Pakistan
76%
Ivan the Impaler Romania
76%
Abdullah bin Abdulaziz Al Saud Saudi Arabia
74%
Rihanna Barbados
71%
Alexander the Great North Macedonia
71%
Franz Ferdinand Bosnia
68%
Jomo Kenyatta Kenya
68%
The Buddah Nepal
68%
Cecilia Bolocco Chile
65%
Jonas Valančiūnas Lithuania
65%
Josef Stalin Georgia
62%
Kristaps Porziņģis Latvia
62%
Pope Benedict XVI (current residence) Vatican City
50%
Roberto Suárez Gómez Bolivia
44%
Charles Leclerc Monaco
44%
JJ Lin Singapore
44%
Joel Embiid Cameroon
41%
Manny Pacquiao Philippines
41%
Kimbo Slice Bahamas
35%
Akon Senegal
32%
Valentina Shevchenko Kyrgyzstan
24%
Oscar Isaac Guatemala
12%
Cecil Abel Papua New Guinea
12%
No matching quizzes found
Score Distribution
Percent of People with Each Score
Percentile by Number Answered
Your Score History
You have not taken this quiz since the last reset